Biblioteca

Cómo predicar de Cristo usando toda la Biblia (Registro nro. 63788)

Detalles MARC
000 -LÍDER
Campo fijo de descripción fija 02164aam a2200349 a 4500
001 - NÚMERO DE CONTROL
Campo de control 768714
003 - IDENTIFICADOR DEL NÚMERO DE CONTROL
Campo de control CO-MdFUSB
005 - FECHA Y HORA DE LA ULTIMA TRANSACCIÓN
control field 20250924092624.0
008 - ELEMENTOS DE LONGITUD FIJA -- INFORMACIÓN GENERAL
Campo fijo de descripción fija -- Información general 170131t2012 ck ||||| |||| 00| 0 spa d
020 ## - NÚMERO INTERNACIONAL NORMALIZADO PARA LIBROS
Número Internacional Normalizado del libro 9780980629378
040 ## - FUENTE DE CATALOGACIÓN
Agencia de catalogación original CO-MdFUSB
Idioma de catalogación spa
Agencia que realiza la transcripción CO-MdFUSB
Agencia que realiza la modificación CO-MdFUSB
Convenciones de la descripción rda
041 ## - CÓDIGO DE IDIOMA
Código de idioma para texto/pista de sonido o título separado spa
082 ## - NÚMERO DE CLASIFICACIÓN DECIMAL DEWEY
Número de la edición del Dewey 23
Número de clasificación G 251
Clave de autor-Numero de item G624c
100 ## - ASIENTO PRINCIPAL--NOMBRE PERSONAL
Nombre personal Goldsworthy, Graeme
Término relacionador autor
245 ## - TÍTULO
Título del Material Cómo predicar de Cristo usando toda la Biblia
Parte restante del título - Subtitulo : cómo aplicar la teología bíblica en una predicación expositiva
Mención de responsabilidad, etc. / Graeme Goldsworthy ; traducido por Kalina Vera Ursic
264 #1 - PRODUCCIÓN, PUBLICACIÓN, DISTRIBUCIÓN, MANUFACTURA, Y COPYRIGHT
Nombre del productor, publicador, distribuidor Torrentes de vida,
Lugar de producción, publicación, distribución, manufactura Colombia :
Fecha de producción, publicación, distribución, manufactura, o copyright [2012]
264 #4 - PRODUCCIÓN, PUBLICACIÓN, DISTRIBUCIÓN, MANUFACTURA, Y COPYRIGHT
Fecha de producción, publicación, distribución, manufactura, o copyright ©2012
300 ## - DESCRIPCIÓN FÍSICA
Extensión 347 páginas
Otros detalles físicos :
Dimensiones ; 21 cm.
336 ## - TIPO DE CONTENIDO
Fuente rdacontent
Término de tipo de contenido
Código de tipo de contenido
337 ## - TIPO DE MEDIO
Fuente rdamedia
Nombre del tipo de medio
Código del tipo de medio
338 ## - TIPO DE SOPORTE
Fuente rdacarrier
Nombre del tipo de soporte
Código Tipo de soporte
505 ## - NOTA DE CONTENIDO
Nota de contenido con formato preestablecido Parte I: Preguntas básicas sobre La predicación y la biblia: ¿Qué es la Biblia? -- Qué es la teología bíblica? -- ¿Qué es la predicación? -- ¿Jesús era un teólogo bíblico -- ¿Qué clase de unidad tiene la Biblia? -- ¿Cómo funciona el evangelio en la Biblia? -- ¿Cuál es la estructura de la revelación bíblica -- ¿Puedo predicar un sermón cristiano sin mencionar a Jesús?
505 ## - NOTA DE CONTENIDO
Nota de contenido con formato preestablecido Parte II: Cómo aplicar la teología Bíblica a la predicación -- Introducción a la segunda parte: Cristo en todas las Escrituras -- La predicación de los textos histórico-narrativos del Antiguo Testamento -- La predicación de la ley del Antiguo -- La predicación sobre los profetas del Antiguo Testamento -- La predicación de la literatura sapiencial -- La predicación de Los Salmos – Introducción -- La predicación de los textos apocalípticos -- La predicación de los Evangelios -- La predicación de Los Hechos y de las Epístolas -- La predicación de la teología bíblica.
534 ## - NOTA DE VERSION ORIGINAL
Publicación, distribución, etc. del original Preaching the whole bible as Christian scripture de graeme Goldsworthy
Frase introductoria Título original el inglés
563 ## - NOTA DE ENCUADERNACIÓN
Nota de encuadernación rústico
600 #7 - ASIENTO SECUNDARIO DE MATERIA - NOMBRE PERSONAL
Nombre personal Jesucristo
Subdivisión general Enseñanza bíblica
650 #0 - ASIENTO SECUNDARIO DE MATERIA - TERMINO TEMÁTICO
9 (RLIN) 54
Término temático o nombre geográfico como elemento de entrada Predicación
653 ## - TÉRMINO DE INDIZACIÓN - NO CONTROLADO
Término no controlado Predicación expositiva
700 ## - ASIENTO SECUNDARIO - NOMBRE PERSONAL
9 (RLIN) 711
Nombre personal Vera Ursic, Kalina
Responsabilidad traductor
942 ## - TIPO DE MATERIAL (KOHA)
Tipo de Item KOHA Libros General
945 ## - INFORMACIÓN LOCAL DEL REGISTRO
Catalogador Elías Tolentino
Existencias
Estado de Material Estado de Perdido Forma de Clasificación Estado de Dañado No para Préstamo Biblioteca de Origen Biblioteca Permanente Fecha de Adquisición Total de Préstamos Total de Renovaciones Signatura Topográfica Código de Barras Última vez visto Última vez Préstado Ejemplar/Existencia Fecha de Remplazo Tipo de Material
    Dewey Decimal Classification     Biblioteca FUSBC Biblioteca FUSBC 31/01/2017 8 5 G 251 G624c 5476 14/11/2023 24/10/2023 Ej. 1 31/01/2017 Libros General

Biblioteca FUSBC | Teléfono: (57+4) 349 88 10 Ext. 141| WhatsApp (+57) 3005338115 
E-mail: biblioteca@unisbc.edu.co | Calle 76 87-14 Robledo Palenque, Medellín, Colombia

Con tecnología Koha